00807cam a22002771a 4500001001300000003000400013005001700017008004100034010001700075025001300092035002000105040001800125042001200143043002100155050001800176100002400194245011800218260004400336300002400380546001300404500002300417651002000440650002900460651002300489999001700512sa 68000435 DLC20260227112424.0951004s1964 pk 000 0 urdo  asa 68000435  aP-U-1310 a(OCoLC)33240903 aDLCcWaUdDLC apremarc aa-ii---aa-pk---00aDS436.A1bA570 aAbdur Rasul,d1932-10aPāk o Hind kī Islāmī tārīk̲h̲ :bḥiṣṣah-yi duvum, 1526 ʻA. tā 1957 ʻA. /cʻAbdurrasūl. aLāhaur :bEm. Ār. Brādarz,c1964. a6, 415 p. ;c22 cm. aIn Urdu. aNo more published. 0aIndiaxHistory. 0aMuslimszIndiaxHistory. 0aPakistanxHistory. c77213d77213